000
00334nam a2200133Ia 4500
008
240624s9999 xx 000 0 und d
041
_a
eng
082
_a
658.3 PRA
100
_a
PRASAD BVS
245
_a
HR METRICS AN INTRODUCTION
260
_c
2007
_a
Hyderabad
_b
ICFAI press
300
_a
viii, , 271 , 25 : p. : cm.
365
_c
RS
_b
20
999
_c
7324
_d
7324